Daily Quiz #8 - Statistics

General Stats
  • This quiz has been taken 31 times
  • The average score is 4 of 5
Answer Stats
Hint Answer % Correct
What was the name of the most recent Queen of England? Elizabeth
100%
What is the biggest city and capital of Russia? Moscow
97%
Who directed the films Jurassic Park, Indiana Jones, and Jaws? Steven Spielberg
90%
What is the capital of New York? Albany
60%
Which NFL team is known as America’s Team? Dallas Cowboys
47%
No matching quizzes found
Score Distribution
Percent of People with Each Score
Percentile by Number Answered
Your Score History
You have not taken this quiz